Caracterización de sistemas agroforestales tradicionales en la micro cuenca el Quinche, corregimiento de Buesaquillo, municipio Pasto (Registro nro. 6076)

Detalles MARC
000 -CABECERA
Campo de control 00717nam a2200217 a 4500
005 - FECHA Y HORA DE LA ULTIMA TRANSACCION
Campo de control 20191224041825.0
008 - ELEMENTOS DE LONGITUD FIJA—INFORMACION GENERAL
Campo de control 160826b2003 xxu||||| nm|| 00| 0 spa d
040 ## - FUENTE DE CATALOGACIÓN
Agencia catalogadora original CO-BoIAVH
Agencia transcriptora CO-BoIAVH
041 ## - IDIOMA
Código de idioma para texto/pista de sonido o título separado Español
090 ## - CLASIFICACIÓN LOCAL
Colección TE
Consecutivo 0145
100 1# - ASIENTO PRINCIPAL--NOMBRE PERSONAL
Nombre personal Caicedo Cabrera , Arley Eduardo
9 (RLIN) 75044
245 10 - MENCION DE TITULO
Título Caracterización de sistemas agroforestales tradicionales en la micro cuenca el Quinche, corregimiento de Buesaquillo, municipio Pasto
260 ## - PUBLICACION, DISTRIBUCION, ETC. (PIE DE IMPRENTA)
Lugar de publicación, distribución, etc. Pasto
Nombre del editor, distribuidor, etc. Universidad de Nariño
Fecha de publicación, distribución, etc. 2003
300 ## - DESCRIPCION FISICA
Extensión 122 Paginas
650 14 - ASIENTO SECUNDARIO DE MATERIA - TERMINO TEMATICO
Término temático o nombre geográfico como elemento de entrada Agroforesteria
9 (RLIN) 476
650 14 - ASIENTO SECUNDARIO DE MATERIA - TERMINO TEMATICO
Término temático o nombre geográfico como elemento de entrada Microcuenca
9 (RLIN) 5504
650 14 - ASIENTO SECUNDARIO DE MATERIA - TERMINO TEMATICO
Término temático o nombre geográfico como elemento de entrada Cuenca Hidrografica
9 (RLIN) 30509
700 ## - ASIENTO SECUNDARIO - NOMBRE PERSONAL
Nombre personal Jativa Salazar, Francisco
9 (RLIN) 75046
942 ## - ELEMENTOS ADICIONALES (KOHA)
Tipo de ítem Tesis
Sistema de clasificación Local
945 ## - PROCESAMIENTO LOCAL
AAAA-MM-DD - Fecha de ingreso o modificacion 2007-12-27
Existencias
Withdrawn status Lost status Sistema de Clasificación Damaged status No para préstamo Colección Ubicación Permanente Ubicación actual Fecha de adquisición Total Checkouts Número topográfico Inventario / Código de Barras Date last seen Ejemplar Price effective from Forma de adquisición Tipo de material Public note
    Local     Tesis Bogotá Bogotá 26/12/2007   TE-0145 025619 04/12/2012 Ej.1 04/12/2012 Donación Tesis Disponible solo para consulta en sala